[Event "Let's Play Chess!"]
[Site "http://www.queenalice.com/game.php?id=601652"]
[Date "2009.6.11"]
[Round "-"]
[White "salvioluiz"]
[Black "pgrzelak"]
[Result "1/2-1/2"]
[WhiteElo "1500"]
[BlackElo "1891"]

1. e4 e5 2. Nf3 Nc6 3. d4 exd4 4. Nxd4 Nxd4 5. Qxd4 Qf6 6. Qxf6 Nxf6 7. Nc3 Bb4
8. e5 Nd5 9. Bd2 Nxc3 10. Bxc3 Bxc3+ 11. bxc3 b6 12. O-O-O Bb7 13. f3 O-O-O 14.
Bc4 f6 15. Rhe1 fxe5 16. Rxe5 Rde8 17. Rde1 Rxe5 18. Rxe5 Kd8 19. Rg5 g6 20. f4
Be4 21. g3 Bf5 22. g4 h6 23. gxf5 hxg5 24. fxg6 Rh6 25. g7 Rg6 26. g8=Q+ Rxg8
27. Bxg8 gxf4 28. h4 Ke8 29. Kd2 1/2-1/2

[Event "Let's Play Chess!"]
[Site "http://www.queenalice.com/game.php?id=601653"]
[Date "2009.6.11"]
[Round "-"]
[White "Heike67"]
[Black "salvioluiz"]
[Result "0-1"]
[WhiteElo "1974"]
[BlackElo "1500"]

1. e4 e5 2. f4 exf4 3. Nf3 Nf6 4. e5 Nd5 5. Bc4 c6 6. Bxd5 cxd5 7. d4 d6 8. Bxf4
dxe5 9. Bxe5 Bg4 10. O-O f6 11. Bg3 Bd6 12. Re1+ Be7 13. Bxb8 Qxb8 14. Qe2 Qd6
15. Nbd2 Rc8 16. c3 Rc7 17. Rac1 O-O 18. c4 Re8 19. cxd5 Rxc1 20. Rxc1 h6 21.
Qe4 Qd7 22. Qg6 Bf5 0-1

[Event "ENTROU PRO CLUBE"]
[Site "http://www.queenalice.com/game.php?id=607860"]
[Date "2009.6.23"]
[Round "-"]
[White "perucona"]
[Black "salvioluiz"]
[Result "0-1"]
[WhiteElo "1675"]
[BlackElo "1665"]

1. e4 e5 2. d4 exd4 3. Qxd4 Nc6 4. Qd5 Nf6 5. Qd3 Nb4 6. Qe2 Bc5 7. c3 Nc6 8. e5
Ng8 9. Be3 b6 10. Bxc5 bxc5 11. Nf3 Nge7 12. Na3 O-O 13. O-O-O Re8 14. Re1 Ng6
15. Nc4 d6 16. exd6 Rxe2 17. Bxe2 cxd6 18. Rd1 d5 19. Ncd2 Nf4 20. Rde1 Qb6 21.
g3 Ne6 22. Nb3 c4 23. Nbd2 Bd7 24. Nh4 Rb8 25. Bg4 Qxb2+ 26. Kd1 Qxc3 27. Re3
Qa1+ 28. Ke2 Qxh1 29. Bf3 Ncd4# 0-1

[Event "OTICA FUJIOKA"]
[Site "http://www.queenalice.com/game.php?id=608590"]
[Date "2009.6.25"]
[Round "-"]
[White "perucona"]
[Black "salvioluiz"]
[Result "0-1"]
[WhiteElo "1708"]
[BlackElo "1703"]

1. e4 e5 2. d4 exd4 3. Qxd4 Nc6 4. Qd5 Nf6 5. Qd3 Qe7 6. Qe2 Nxe4 7. f3 Nf6 8.
Qxe7+ Bxe7 9. Nc3 Nd4 10. Bd3 b6 11. Be3 Nf5 12. Bxf5 O-O 13. O-O-O Re8 14. Nh3
Bb4 15. Bd2 d5 16. Rde1 Bxf5 17. g4 Bg6 18. a3 Bxc3 19. Bxc3 Nd7 20. Rxe8+ Rxe8
21. b3 Re2 22. Kd1 Rxc2 23. Ng1 Rxc3 24. Ne2 Rxf3 25. Nd4 Rd3+ 26. Ke2 Rxd4 27.
Ke3 Rxg4 28. Kf3 Ne5+ 29. Ke3 d4+ 30. Ke2 Bd3+ 31. Kf2 Rf4+ 32. Kg3 Rf3+ 33. Kg2
Be4 34. Re1 Re3+ 35. Kf2 Rxe1 36. Kxe1 Nf3+ 37. Ke2 d3+ 38. Kd1 Nxh2 39. Kd2 g5
40. Ke1 g4 41. Kf2 Nf3 42. b4 d2 43. Ke2 g3 44. Kf1 d1=Q+ 45. Kg2 Qg1+ 46. Kh3
Qh2+ 47. Kg4 Qh4# 0-1

[Event "Challenge"]
[Site "http://www.queenalice.com/game.php?id=608765"]
[Date "2009.6.25"]
[Round "-"]
[White "justeldiablo"]
[Black "salvioluiz"]
[Result "1-0"]
[WhiteElo "1639"]
[BlackElo "1622"]

1. e4 e5 2. Nf3 Nc6 3. Bb5 Nf6 4. Bxc6 dxc6 5. d3 Bc5 6. Nxe5 Qd4 7. Qf3 Qxe5 8.
c3 Bb6 9. h3 O-O 10. Nd2 Nh5 11. Nc4 Qc5 12. Be3 Qb5 13. a4 Qb3 14. Qxh5 Be6 15.
Nxb6 cxb6 16. O-O Qxb2 17. f4 Qxc3 18. f5 Bd7 19. f6 g6 20. Qh6 1-0

[Event "Challenge"]
[Site "http://www.queenalice.com/game.php?id=610284"]
[Date "2009.6.28"]
[Round "-"]
[White "sunking"]
[Black "salvioluiz"]
[Result "1-0"]
[WhiteElo "1703"]
[BlackElo "1725"]

1. f3 e5 2. e4 d5 3. exd5 Qxd5 4. Nc3 Qa5 5. Bb5+ c6 6. Ba4 Nf6 7. Qe2 Bd6 8.
Nh3 Bxh3 9. gxh3 O-O 10. Qd3 Nd5 11. Bb3 Nxc3 12. dxc3 Rd8 13. Bg5 Re8 14. Qxd6
h6 15. O-O-O Na6 16. Bh4 Nc5 17. Bf2 Nxb3+ 18. cxb3 Qxa2 19. Kc2 Qa6 20. Rhg1
Rad8 21. Qc5 Qe2+ 22. Kc1 Rd5 23. Qe3 Qb5 24. c4 Rxd1+ 25. Rxd1 Qa5 26. Qd2 Qa1+
27. Kc2 Qa6 28. Be3 b5 29. cxb5 Qxb5 30. Qd3 Qb8 31. f4 exf4 32. Bd4 Rd8 33. Qe4
Qd6 34. Bxa7 Qxd1+ 35. Kc3 Qc1+ 36. Kb4 Qd2+ 37. Ka3 Qa5+ 38. Qa4 Qxa4+ 39. bxa4
f3 40. a5 Rd2 41. a6 Rd8 42. Bb6 Rc8 43. a7 1-0

[Event "Challenge"]
[Site "http://www.queenalice.com/game.php?id=615354"]
[Date "2009.7.8"]
[Round "-"]
[White "avinashroyal"]
[Black "salvioluiz"]
[Result "1-0"]
[WhiteElo "1747"]
[BlackElo "1728"]

1. h4 e5 2. e4 Nf6 3. Bc4 d5 4. exd5 Bc5 5. Ne2 Ne4 6. d4 exd4 7. Nxd4 Qf6 8.
Be3 O-O 9. Nd2 Re8 10. c3 Qg6 11. g3 Bf5 12. O-O Nd7 13. b4 Bxd4 14. Bxd4 h6 15.
Nxe4 Rxe4 16. Qf3 Bg4 17. Qg2 Rae8 18. Bd3 Nf6 19. Bxf6 gxf6 20. Bxe4 Rxe4 21.
Rae1 Be2 22. a3 Qg4 23. Rxe2 Qxe2 24. Qh3 Qc4 25. Qc8+ Kg7 26. f3 Re3 27. Qg4+
Qxg4 28. fxg4 Rxg3+ 29. Kh2 Rxc3 30. Re1 Rxa3 31. Re7 Rc3 32. d6 cxd6 33. Rxb7
Rc4 34. Kg3 d5 35. b5 Rb4 36. h5 Rb3+ 37. Kf4 d4 38. Rxa7 Rxb5 39. Rd7 Rb4 40.
Ke4 Kf8 41. Rxd4 Rxd4+ 42. Kxd4 Ke7 43. Ke4 Ke6 44. Kf4 f5 45. gxf5+ Kf6 46. Kg4
Ke5 47. f6 Kxf6 48. Kf4 Ke6 49. Ke4 f5+ 50. Kf4 Kf6 51. Kf3 Kg5 52. Kg3 Kxh5 53.
Kf4 Kg6 54. Ke5 h5 55. Kf4 h4 56. Ke5 h3 57. Kf4 h2 58. Ke5 1-0

[Event "Challenge"]
[Site "http://www.queenalice.com/game.php?id=615517"]
[Date "2009.7.8"]
[Round "-"]
[White "avinashroyal"]
[Black "salvioluiz"]
[Result "0-1"]
[WhiteElo "1695"]
[BlackElo "1708"]

1. a4 e5 2. e4 Nf6 3. d3 d5 4. d4 dxe4 5. dxe5 Qxd1+ 6. Kxd1 Ng4 7. Ke1 Bc5 8.
Be3 Bxe3 9. fxe3 Nxe3 10. Na3 Nc6 11. Ke2 Ng4 12. c3 Ngxe5 13. h3 Be6 14. Kf2
O-O-O 15. Ne2 Rd2 16. Kg1 Rhd8 17. b4 Bb3 18. Nc1 Be6 19. Bc4 Bxc4 20. Nxc4 Nxc4
21. Kh2 N6e5 22. Kg3 e3 23. Re1 Nd3 24. Nxd3 R8xd3 25. b5 e2+ 26. Kf2 Rxc3 27.
Rxe2 Rxe2+ 28. Kxe2 Re3+ 29. Kf2 Rd3 30. Re1 Kd7 31. Ke2 Re3+ 32. Kf2 Rxe1 33.
Kxe1 c6 34. Ke2 cxb5 35. axb5 a6 36. bxa6 bxa6 0-1

[Event "Challenge"]
[Site "http://www.queenalice.com/game.php?id=616070"]
[Date "2009.7.9"]
[Round "-"]
[White "montelo"]
[Black "salvioluiz"]
[Result "0-1"]
[WhiteElo "1774"]
[BlackElo "1683"]

1. e4 e5 2. Qh5 Nc6 3. Qf3 Nd4 4. Qc3 Nf6 5. d3 a5 6. Be3 Bb4 7. Bxd4 exd4 8.
Qxb4 axb4 9. Nf3 c5 10. g3 O-O 11. Bg2 Re8 12. Nbd2 d5 13. e5 Nd7 14. O-O Nxe5
15. Rfe1 Nxf3+ 16. Nxf3 Rxe1+ 17. Rxe1 h6 18. h4 Bg4 19. Ne5 Qe8 20. f4 f6 21.
Bf3 Bxf3 22. Nxf3 Qg6 23. Kg2 Re8 24. h5 Qxh5 25. Rh1 Re2+ 26. Kg1 Qxf3 27. Rh2
Qxg3+ 28. Kh1 Qe1# 0-1

[Event "Challenge"]
[Site "http://www.queenalice.com/game.php?id=616071"]
[Date "2009.7.9"]
[Round "-"]
[White "salvioluiz"]
[Black "montelo"]
[Result "1-0"]
[WhiteElo "1708"]
[BlackElo "1737"]

1. e4 e5 2. Nf3 Nc6 3. d4 d6 4. Bc4 h6 5. dxe5 Nxe5 6. Nxe5 dxe5 7. Qxd8+ Kxd8
8. O-O Nf6 9. Nc3 Bb4 10. Bd2 Nxe4 11. Nxe4 Bf5 12. Bxb4 Bxe4 13. Rad1+ Kc8 14.
c3 b6 15. Bxf7 a5 16. Be7 g5 17. Be6+ Kb7 18. Rfe1 Bc6 19. Rxe5 Rhe8 20. Bd7 Rg8
21. Bxc6+ Kxc6 22. Re6+ Kb7 23. Rxh6 Rae8 24. Rd7 Rg7 25. Re6 Kc8 26. Rd5 Rgxe7
27. Rxe7 Rxe7 28. f3 Re2 29. b4 Rxa2 30. bxa5 bxa5 31. g3 a4 32. f4 gxf4 33.
gxf4 Rc2 34. Ra5 Rc1+ 35. Kg2 Ra1 36. f5 Ra3 37. f6 Rxc3 38. f7 Rc2+ 39. Kg3
Rc3+ 40. Kg4 Rc4+ 41. Kg5 1-0

[Event "DELETOU PORQUE MERDA? IV"]
[Site "http://www.queenalice.com/game.php?id=626559"]
[Date "2009.7.29"]
[Round "-"]
[White "perucona"]
[Black "salvioluiz"]
[Result "0-1"]
[WhiteElo "1698"]
[BlackElo "1730"]

1. e4 e5 2. d4 exd4 3. Qxd4 Nc6 4. Qd5 Nf6 5. Qd3 Nb4 6. Qe2 Ng4 7. c3 d5 8.
cxb4 Bxb4+ 9. Bd2 Bc5 10. exd5+ Qe7 11. Qxe7+ Kxe7 12. Be3 Bxe3 13. fxe3 Nxe3
14. Bd3 Nxg2+ 15. Kf2 Nf4 16. Ke3 Nxd5+ 17. Ke4 Nf6+ 18. Kf4 Rd8 19. Bb5 Rd1 20.
Be2 Re1 21. Kf3 Bf5 22. Kf2 Rxb1 23. Rxb1 Bxb1 24. Nf3 Bxa2 25. Bd3 Rd8 26. Re1+
Be6 27. Bc4 Kf8 28. Bxe6 fxe6 29. Ng5 Rd2+ 30. Ke3 Rd6 31. Kf4 Ke7 32. Ne4 Nxe4
33. Rxe4 Rd2 34. Rb4 b6 35. Ke3 Rxh2 36. Kf3 a5 37. Ra4 Rxb2 38. Ra1 c5 39. Rc1
a4 40. Ra1 b5 41. Ra3 c4 42. Re3 Rb3 43. Kf2 a3 44. Re1 Rb2+ 45. Kf1 a2 46. Ra1
Rb1+ 47. Rxb1 axb1=Q+ 48. Ke2 Qd3+ 49. Ke1 b4 50. Kf2 b3 51. Kg2 b2 52. Kf2 b1=Q
53. Kg2 Qbc2+ 54. Kg1 Qdd1# 0-1

[Event "Challenge"]
[Site "http://www.queenalice.com/game.php?id=629960"]
[Date "2009.8.3"]
[Round "-"]
[White "salvioluiz"]
[Black "diihard"]
[Result "1/2-1/2"]
[WhiteElo "1723"]
[BlackElo "1689"]

1. e4 e6 2. Nf3 d5 3. exd5 exd5 4. d4 Nf6 5. Bg5 Be7 6. Qe2 O-O 7. Nc3 Bb4 8.
Ne5 Bxc3+ 9. bxc3 Qd6 10. c4 Qb4+ 11. Bd2 Qb2 12. Rc1 Re8 13. c3 Be6 14. Bg5
Qxe2+ 15. Bxe2 dxc4 16. Bxf6 gxf6 17. Nf3 Bd5 18. Rb1 Nd7 19. Kd2 Nb6 20. Rhe1
a6 21. h4 Na4 22. h5 b5 23. Nh4 Be6 24. Bf3 Rad8 25. Re2 h6 26. Rbe1 Nb2 27. Be4
Kf8 28. Nf5 Bxf5 29. Bxf5 Rxe2+ 30. Rxe2 Re8 31. Bc2 Rxe2+ 32. Kxe2 Ke7 33. f4
Nd3 34. Bxd3 cxd3+ 35. Kxd3 f5 36. c4 Kd6 37. cxb5 axb5 38. g3 1/2-1/2

[Event "Challenge"]
[Site "http://www.queenalice.com/game.php?id=635308"]
[Date "2009.8.12"]
[Round "-"]
[White "Ekensberg"]
[Black "salvioluiz"]
[Result "1-0"]
[WhiteElo "1925"]
[BlackElo "1719"]

1. e4 e5 2. Nf3 Nc6 3. Bb5 Nf6 4. O-O Bc5 5. c3 Nxe4 6. Bxc6 dxc6 7. Nxe5 Nxf2
8. Rxf2 Bxf2+ 9. Kxf2 Qf6+ 10. Nf3 O-O 11. d4 Bg4 12. h3 Bxf3 13. Qxf3 Qh4+ 14.
Kg1 Qe1+ 15. Qf1 Rfe8 16. Bf4 Re7 17. Nd2 Qe6 18. Nf3 Rae8 19. a3 Qf5 20. Bg3
Re2 21. Rb1 Qc2 22. Bxc7 R8e7 23. Bd6 R7e6 24. Bb8 a6 25. Bg3 h6 26. d5 cxd5 27.
Nd4 1-0

[Event "CALDAS NOVAS VI"]
[Site "http://www.queenalice.com/game.php?id=635911"]
[Date "2009.8.13"]
[Round "-"]
[White "perucona"]
[Black "salvioluiz"]
[Result "0-1"]
[WhiteElo "1683"]
[BlackElo "1745"]

1. e4 e5 2. d4 exd4 3. Qxd4 Nc6 4. Qd5 Nf6 5. Qd3 Nb4 6. Qe2 Qe7 7. e5 Nfd5 8.
c3 Nc6 9. c4 Nd4 10. Qd2 Qxe5+ 11. Be2 Bb4 12. Nc3 Nb6 13. Qe3 Qxe3 14. fxe3
Nc2+ 15. Kd2 Nxa1 16. a3 Bxc3+ 17. bxc3 Nb3+ 18. Kc2 Nxc1 19. Kxc1 d5 20. c5 Na4
21. Bd1 Nxc3 22. Kc2 Ne4 23. Nf3 Bf5 24. Ne5 Nf2+ 25. Kd2 Nxh1 26. Ke2 f6 27.
Nd3 O-O-O 28. Nf2 Nxf2 29. Kxf2 Rhe8 30. Kf3 Be4+ 31. Kf4 Bxg2 32. Kg3 Be4 33.
Kf4 d4 34. a4 dxe3 35. Kxe3 Rxd1 36. Ke2 Bc2+ 37. Kf3 Bxa4 38. Kg3 b6 39. cxb6
axb6 40. Kf3 b5 41. Kf4 Rf1+ 42. Kg3 Re4 43. h4 Rb1 44. h5 Rb3+ 45. Kf2 Rc4 46.
Kg2 Rc2+ 47. Kf1 Rb1# 0-1

[Event "Challenge"]
[Site "http://www.queenalice.com/game.php?id=639538"]
[Date "2009.8.20"]
[Round "-"]
[White "sunking"]
[Black "salvioluiz"]
[Result "0-1"]
[WhiteElo "1805"]
[BlackElo "1759"]

1. Nf3 Nc6 2. d4 d5 3. h3 Nf6 4. Ne5 Nxe5 5. dxe5 Ne4 6. f3 Ng3 7. Kf2 Nxh1+ 8.
Ke1 Ng3 9. Nd2 e6 10. f4 Qh4 11. e3 Bc5 12. Qg4 Qxg4 13. hxg4 Bxe3 14. Nf3 Bxc1
15. Rxc1 Bd7 16. Bd3 a6 17. Kf2 Ne4+ 18. Bxe4 dxe4 19. Ng5 f5 20. gxf5 h6 21.
fxe6 hxg5 22. fxg5 Bxe6 23. b3 O-O+ 24. Ke3 Bf5 25. Kf4 Rad8 26. e6 Bxe6+ 27.
Ke5 Bd5 28. Kd4 Rf2 29. g3 Bxb3+ 30. Kc3 Bxa2 31. Kb2 Rdd2 32. Kxa2 Rxc2+ 33.
Rxc2 Rxc2+ 34. Kb3 Rc6 35. Kb4 e3 36. Kb3 e2 37. Kb4 e1=Q+ 0-1

[Event "Challenge"]
[Site "http://www.queenalice.com/game.php?id=640066"]
[Date "2009.8.21"]
[Round "-"]
[White "cyrus"]
[Black "salvioluiz"]
[Result "1-0"]
[WhiteElo "1791"]
[BlackElo "1742"]

1. e4 e5 2. Nf3 Nc6 3. d4 exd4 4. Nxd4 Qf6 5. Be3 Bc5 6. c3 Nh6 7. Bc4 Ne5 8.
Bb3 d6 9. Nd2 Nd3+ 10. Ke2 Ne5 11. h3 Be6 12. Nxe6 fxe6 13. f4 Ng6 14. e5 Nxf4+
15. Bxf4 Qxf4 16. Nc4 Qf2+ 17. Kd3 d5 18. Rf1 Qxg2 19. Qh5+ g6 20. Qxh6 O-O-O
21. Ne3 Bxe3 22. Qxe3 Rhf8 23. Rf6 Rde8 24. Qxa7 Qxh3+ 25. Kc2 Qh2+ 26. Kd3 Qg3+
27. Kd4 Qh4+ 28. Kc5 Rxf6 29. Qa8+ Kd7 30. Ba4+ c6 31. Qxb7+ Kd8 32. Kd6 1-0

[Event "Challenge"]
[Site "http://www.queenalice.com/game.php?id=643901"]
[Date "2009.8.28"]
[Round "-"]
[White "Lord_Lelis"]
[Black "salvioluiz"]
[Result "1-0"]
[WhiteElo "1766"]
[BlackElo "1777"]

1. e4 e5 2. Nf3 Nc6 3. c3 Nf6 4. Qc2 d5 5. Bd3 Bc5 6. h3 d4 7. cxd4 Bxd4 8. Na3
Be6 9. Nc4 b5 10. Ne3 Nb4 11. Bxb5+ Bd7 12. Qa4 Bxe3 13. Bxd7+ Qxd7 14. Qxb4 Bb6
15. Nxe5 Qd6 16. Qxd6 cxd6 17. Nc4 Nxe4 18. Nxb6 axb6 19. d3 Nc5 20. d4 Nd3+ 21.
Kd2 Nxf2 22. Re1+ Kd7 23. Ke3 Ne4 24. Rf1 Nf6 25. Bd2 Rhe8+ 26. Kd3 Re7 27. Rae1
Rae8 28. Rxe7+ Rxe7 29. Bg5 Re6 30. Bxf6 Rxf6 31. Rxf6 gxf6 32. d5 Kc7 33. Ke4
Kd7 34. Kf5 Ke7 35. a4 h6 36. b4 h5 37. a5 1-0

[Event "Invitation"]
[Site "http://www.queenalice.com/game.php?id=654283"]
[Date "2009.9.18"]
[Round "-"]
[White "salvioluiz"]
[Black "viniciusmdc"]
[Result "0-1"]
[WhiteElo "1777"]
[BlackElo "1500"]

1. e4 c5 2. d4 cxd4 3. Qxd4 Nc6 4. Qa4 Nf6 5. Nc3 e5 6. Bg5 Bb4 7. Ne2 h6 8.
Bxf6 Qxf6 9. f3 Qh4+ 10. g3 Qg5 11. f4 exf4 12. gxf4 Qh4+ 13. Ng3 Qxf4 14. Bc4
Qe3+ 15. Kf1 d5 16. Nxd5 Bh3# 0-1

[Event "Challenge"]
[Site "http://www.queenalice.com/game.php?id=658624"]
[Date "2009.9.27"]
[Round "-"]
[White "viniciusmdc"]
[Black "salvioluiz"]
[Result "1-0"]
[WhiteElo "2050"]
[BlackElo "1761"]

1. e4 e5 2. Nf3 Nc6 3. Bb5 Nf6 4. O-O b6 5. Bxc6 dxc6 6. Nxe5 Qd6 7. d4 c5 8. c3
Nxe4 9. Re1 Bf5 10. Qf3 f6 11. Qxf5 fxe5 12. Rxe4 1-0